[Event "88th GER-ch Men 2017"]
[Site "Apolda"]
[Date "2017.07.01"]
[Round "9"]
[White "Fuchs, Florian"]
[Black "Engel, Luis"]
[Result "1/2-1/2"]
[WhiteElo "2335"]
[BlackElo "2321"]
[Annotator "TA"]
[PlyCount "65"]
[EventDate "2017.??.??"]
[EventType "swiss"]
[EventCountry "GER"]
[SourceTitle "playchess.com"]
[Source "ChessBase"]
[SourceQuality "1"]

{[%evp 12,65,29,-2,10,14,22,27,50,46,82,60,74,52,40,56,65,58,68,52,77,60,69,80,87,54,56,33,31,29,57,43,76,56,57,58,53,53,70,66,74,4,8,11,154,154,496,216,195,0,472,0,164,0,460,0]} 1. e4 c5 2. Nf3 d6 3. d4 cxd4 4. Nxd4 Nf6 5. Nc3 a6 6. h3 e5 7. Nb3 Be6 {B90: Sicilian Najdorf: Unusual White 6th moves, 6 Be3 Ng4 and 6 Be3 e5} 8. f4 Nc6 (8... g6 9. Be2 Nbd7 10. O-O Rc8 11. f5 gxf5 12. exf5 Bc4 13. Bxc4 Rxc4 14. Qd3 Qc7 15. Be3 {0-1 (40) Gharamian,T (2626)-Rodshtein,M (2698) Chartres 2017}) 9. f5 Bc8 $146 {White has an edge.} ({Predecessor:} 9... Bxb3 10. axb3 d5 11. exd5 Nd4 12. Qd3 Rc8 13. Bd2 Be7 14. O-O-O Nxd5 15. Qe4 {1-0 (30) Rasmussen,A (2524)-Hillarp Persson,T (2555) Denmark 2015}) 10. Bg5 b5 11. Qf3 Be7 12. O-O-O b4 13. Bxf6 Bxf6 14. Nd5 O-O 15. Kb1 a5 16. Bb5 Bb7 17. Ba4 Kh8 18. h4 Ne7 19. g4 {aiming for Ne3.} Nxd5 20. exd5 Be7 21. Nd2 g6 22. Ne4 {Strongly threatening f6.} gxf5 $1 23. gxf5 (23. Qxf5 Bc8 $11) 23... f6 $1 24. Ng5 {Hoping for Qh5.} fxg5 25. hxg5 {[%cal Bh4g5,Bg5f6][%mdl 32]} Rf7 $1 {[#]} ({Don't blunder} 25... Bxg5 $2 26. Rxh7+ $1 {[%mdl 512]} Kg8 27. Qh5 $18) 26. f6 ({Better is} 26. g6 $1 $16 {[%cal Rg6f7]} Rg7 27. Rh2) 26... Bxf6 $1 $11 27. Rdf1 $36 {[%mdl 2048] White has the initiative.} Qg8 ({Much worse is} 27... e4 $6 28. Qh5 $16) (27... Ba6 $1 $11 {keeps the balance.} 28. Qh5 Qc7) 28. gxf6 $16 {And now c4 would win.} Qg5 $2 (28... Qg6 $16 {is tougher.}) 29. Rhg1 (29. c4 $142) 29... Qh6 $18 30. Rh1 $2 (30. Bc6) 30... Qg5 $1 31. Rhg1 $2 (31. c4) 31... Qh6 $1 32. Rh1 $2 (32. Bc6) 32... Qg5 $1 33. Rhg1 $2 {Precision: White = 40%, Black = 54%.} (33. c4 $18) 1/2-1/2

[Event "88th GER-ch Men 2017"]
[Site "Apolda"]
[Date "2017.07.01"]
[Round "9"]
[White "Miller, Eduard"]
[Black "Schneider, Jana"]
[Result "1-0"]
[WhiteElo "2319"]
[BlackElo "2270"]
[Annotator "RC"]
[PlyCount "65"]
[EventDate "2017.??.??"]
[EventType "swiss"]
[EventCountry "GER"]
[SourceTitle "playchess.com"]
[Source "ChessBase"]
[SourceQuality "1"]
[TimeControl "40/6000+30:3000+30"]

1. e4 {[%emt 0:00:00]} e6 {[%emt 0:00:06]} 2. d3 {[%emt 0:00:00]} d5 {[%emt 0:00:08]} 3. Nd2 {[%emt 0:00:00]} Nf6 {[%emt 0:00:17]} 4. Ngf3 {[%emt 0:00:00]} Nc6 {[%emt 0:00:12]} 5. c3 {[%emt 0:00:00]} Bd6 {[%emt 0:00:16]} 6. g3 {[%emt 0:01:04]} O-O {[%emt 0:00:20]} 7. Bg2 {[%emt 0:00:03]} dxe4 {[%emt 0:00:13]} 8. dxe4 {[%emt 0:00:06]} e5 {[%emt 0:00:14]} 9. O-O {[%emt 0:00:11]} a5 {[%emt 0:01:23]} 10. Qc2 {[%emt 0:00:32]} Bc5 {[%emt 0:00:59]} 11. Nc4 {[%emt 0:02:26]} Qe7 {[%emt 0:00:24]} 12. Nh4 {[%emt 0:12:07]} Rd8 {[%emt 0:10:12]} 13. Ne3 {[%emt 0:09:03]} Be6 {[%emt 0:00:53]} 14. Nef5 {[%emt 0:06:42]} Qd7 {[%emt 0:02:22]} 15. Bg5 {[%emt 0:08:10]} Qd3 {[%emt 0:00:53]} 16. Qc1 {[%emt 0:18:59]} Nxe4 {[%emt 0:01:09]} 17. Bxd8 {[%emt 0:01:03]} Rxd8 {[%emt 0:00:41]} 18. Bxe4 {[%emt 0:01:36]} Qxe4 {[%emt 0:00:08]} 19. Qg5 {[%emt 0:00:05]} g6 {[%emt 0:13:10]} 20. Rae1 {[%emt 0:04:04]} Qc2 {[%emt 0:19:42]} 21. Rxe5 {[%emt 0:04:20]} Nxe5 {[%emt 0:01:37]} 22. Qxd8+ {[%emt 0:00:15]} Bf8 {[%emt 0:00:05]} 23. Nd4 {[%emt 0:04:26]} Qxb2 {[%emt 0:03:56]} 24. Qxc7 {[%emt 0:04:09]} Nd3 {[%emt 0:02:07]} 25. Nxe6 {[%emt 0:04:28]} fxe6 {[%emt 0:00:12]} 26. Nf3 {[%emt 0:02:17]} h6 {[%emt 0:07:39]} 27. Ne5 {[%emt 0:06:24]} Nxe5 {[%emt 0:01:14]} 28. Qxe5 {[%emt 0:00:04]} Qxa2 {[%emt 0:00:18]} 29. Rd1 {[%emt 0:00:06]} a4 {[%emt 0:04:21]} 30. Qf6 {[%emt 0:01:34]} Qc2 {[%emt 0:01:12]} 31. Qxe6+ {[%emt 0:00:12]} Kh7 {[%emt 0:01:05]} 32. Rd7+ {[%emt 0:00:59]} Kh8 {[%emt 0:00:38]} 33. Qf6+ {[%emt 0:00:06]} 1-0

[Event "88th GER-ch Men 2017"]
[Site "Apolda"]
[Date "2017.07.01"]
[Round "9"]
[White "Neyman, Igor"]
[Black "Jahncke, Giso"]
[Result "1/2-1/2"]
[WhiteElo "2308"]
[BlackElo "2340"]
[Annotator "TA"]
[PlyCount "100"]
[EventDate "2017.??.??"]
[EventType "swiss"]
[EventCountry "GER"]
[SourceTitle "playchess.com"]
[Source "ChessBase"]
[SourceQuality "1"]

{[%evp 14,100,39,43,50,42,44,45,50,42,47,58,59,67,60,71,60,65,63,43,47,49,43,0,0,0,0,-17,-46,-35,-45,-68,-11,-49,-58,-62,-54,-62,-34,-71,-69,-72,-58,-81,-68,-79,-60,-79,-79,-69,-72,-79,-63,-62,-60,-72,-43,-64,-40,-39,-5,-31,-33,-40,-40,-56,-57,-68,-53,-52,-53,-64,-54,-55,-57,-58,-60,-61,-62,-60,-57,-66,-68,-63,6,6,6,6,6]} 1. d4 Nf6 2. c4 g6 3. Nc3 Bg7 4. e4 d6 5. h3 O-O 6. Be3 c5 7. Nf3 cxd4 8. Nxd4 b6 {E90: King's Indian: Classical: Early deviations and 6 h3} 9. g3 Bb7 10. Bg2 Nbd7 {White is slightly better.} 11. O-O Nc5 {[%cal Rf6e4]} 12. Qc2 Nfd7 $146 ({Predecessor:} 12... Rc8 13. Rfd1 Qd7 14. a4 a5 15. Nd5 Qd8 16. Rd2 {1-0 (50) Matlakov,M (2714)-Kovalev,V (2629) Minsk 2017}) 13. b3 Rc8 14. Rac1 Re8 15. Rfd1 Qc7 16. Qb1 Qb8 17. Nde2 Qa8 18. Nd5 e6 19. Ndc3 {Threatens to win with b4.} Nf6 {[%cal Rf6e4]} 20. Bxc5 dxc5 21. Qc2 Red8 22. Rb1 Nd7 (22... h5 $15) 23. Nb5 Bc6 24. a4 a6 25. Nbc3 $1 g5 26. Rd2 Ne5 27. Rbd1 h6 28. Rxd8+ Rxd8 29. Rd2 Bb7 (29... Ng6 {seems wilder.} 30. Qd1 Re8 31. Bf3 Bf6 32. Rd6 Be7) 30. Qd1 Rxd2 31. Qxd2 Nc6 32. Qd3 Nd4 (32... Bd4 $5) 33. Nxd4 Qd8 34. Nd1 Bxd4 35. Kf1 Qa8 36. Ne3 Kg7 37. Nc2 Be5 38. Ne3 Bc6 39. Ng4 Bd4 40. Ne3 Qb7 41. Nc2 Be5 42. Ne3 b5 43. axb5 axb5 44. cxb5 Bxb5 45. Nc4 Bd4 46. Bf3 Qa6 47. Bd1 Bc6 48. Bc2 e5 ({Black should try} 48... Qa1+ $15 49. Bb1 h5) 49. Nd6 $11 Qa1+ 50. Kg2 {[#] Black must now prevent Qf3.} Bd7 {Precision: White = 51%, Black = 66%.} 1/2-1/2

[Event "88th GER-ch Men 2017"]
[Site "Apolda"]
[Date "2017.07.01"]
[Round "9"]
[White "Kolbus, Dietmar"]
[Black "Hirneise, Jens"]
[Result "0-1"]
[WhiteElo "2306"]
[BlackElo "2328"]
[Annotator "TA"]
[PlyCount "66"]
[EventDate "2017.??.??"]
[EventType "swiss"]
[EventCountry "GER"]
[SourceTitle "playchess.com"]
[Source "ChessBase"]
[SourceQuality "1"]

{[%evp 25,66,36,20,0,48,54,57,62,67,73,78,60,79,79,79,84,73,87,89,47,56,57,53,54,89,-656,-622,-627,-187,-883,-881,-858,-858,-849,-812,-5633,-5127,-29996,-29997,-29997,-29998,-29998,-29999]} 1. c4 g6 2. e4 Bg7 3. d4 d6 4. Nc3 Nf6 5. f3 O-O 6. Be3 e5 7. d5 Nh5 8. Qd2 f5 9. O-O-O Nd7 10. Bd3 a6 11. Nge2 Nc5 {E87: King's Indian: Sämisch: 6...e5 7 d5} 12. Bc2 b5 13. b4 Nd7 {LiveBook: 9 Games. White is slightly better.} 14. cxb5 {[#]} (14. Bg5 $5 {[%cal Rg5d8]} Bf6 15. Bxf6 Qxf6 16. cxb5 $14) 14... fxe4 $146 ({Predecessor:} 14... axb5 15. Nxb5 Rxa2 16. Nec3 Ra8 17. Kb2 Ndf6 18. Na7 fxe4 19. Nc6 Qd7 20. g4 Nf4 21. g5 N6xd5 22. Nxd5 Nd3+ 23. Bxd3 exd3 24. Nce7+ Kh8 25. Nxc8 e4+ {0-1 (25) Timman,J (2620)-Kasparov,G (2780) Linares 1992}) 15. Nxe4 axb5 16. N2c3 Nb6 17. Bxb6 $1 cxb6 18. Kb2 Bd7 19. a3 Nf6 20. Bd3 Nxe4 21. Nxe4 Ra7 22. Ra1 Qh4 23. Qe2 (23. Qe3 $5 {[%cal Re3b6]}) 23... Bh6 24. Kb3 Qf4 25. Nxd6 $2 {[%mdl 8192] [#]} (25. Rhe1 $16) 25... e4 $1 $19 {[%cal Re4d3]} ({Stronger than} 25... Qd4 26. Nxb5 (26. Qe4 Rc7 $16) 26... Bxb5 27. Bxb5 $16) 26. Nxe4 Bg7 $2 (26... Rc8 27. Ra2 Qe5 28. Bxb5 Bg7) 27. Ra2 $2 (27. Rhc1) 27... Rc8 {And now ...Qe5 would win.} 28. Rc2 Rca8 {[%csl Ga8][%cal Ra7a3]} 29. Ra2 Qe5 30. Bxb5 Bxb5 31. Qxb5 {[#]} Rxa3+ $1 {[%mdl 512] Black mates.} 32. Rxa3 Rxa3+ 33. Kxa3 Qb2+ {Precision: White = 38%, Black = 70%.} 0-1

[Event "88th GER-ch Men 2017"]
[Site "Apolda"]
[Date "2017.07.01"]
[Round "9"]
[White "Frischmann, Rick"]
[Black "Schulz, Karsten"]
[Result "1-0"]
[WhiteElo "2304"]
[BlackElo "2264"]
[Annotator "TA"]
[PlyCount "157"]
[EventDate "2017.??.??"]
[EventType "swiss"]
[EventCountry "GER"]
[SourceTitle "playchess.com"]
[Source "ChessBase"]
[SourceQuality "1"]

{[%evp 16,157,50,46,57,39,52,26,48,29,50,58,67,58,100,93,94,84,109,106,91,98,92,65,76,41,49,39,126,122,132,128,237,210,252,257,241,257,231,245,238,243,224,79,150,92,96,87,77,44,36,25,18,18,32,32,28,15,0,0,0,0,17,0,18,12,25,0,0,0,0,36,37,0,70,74,189,-5,-25,-12,0,0,0,0,0,-98,-95,-215,-246,-230,-230,-189,-32,-51,0,-321,-292,-291,-195,-167,172,110,318,296,413,386,325,406,313,0,140,14,17,24,104,115,124,110,1687,11960,12834,2019,12839,12840,12844,12841,12841,12841,12842,12842,12843,12843,12843,12844,12844,12845,12845,12845,12845,12846,12849,12847,12848,12848]} 1. d4 d6 2. Nf3 Nf6 3. g3 Nbd7 4. c4 e5 5. Nc3 Be7 6. Bg2 O-O 7. O-O c6 8. e4 a6 9. Qc2 Qc7 {A55: Old Indian Defence with Nf3 and e4} (9... b5 10. c5 dxc5 11. Nxe5 Bb7 12. Nf3 cxd4 13. Nxd4 Re8 14. Rd1 Qb6 15. h3 Bf8 16. Nf5 c5 17. Bf4 Re6 {½-½ (40) Grischuk,A (2779)-Bologan,V (2672) Khanty-Mansiysk 2013}) 10. Re1 Re8 11. h3 Bf8 {White has an edge.} 12. Be3 $146 ({Predecessor:} 12. Bg5 h6 13. Be3 b5 14. cxb5 cxb5 15. a3 Bb7 16. Nh4 Rac8 17. d5 Nb6 {0-1 (42) Sipos,I (2452)-Petakov,U (2352) Vrbas 2011}) 12... exd4 13. Nxd4 g6 14. Rad1 a5 15. b3 Nc5 16. f4 Bd7 17. Bf2 Rad8 18. Nf3 Bc8 19. Kh2 Nh5 20. a3 f5 21. Nd4 {[%cal Re4f5]} Ne6 (21... fxe4 $14 22. Nxe4 Nxe4 23. Bxe4 (23. Rxe4 Rxe4 24. Qxe4 Nf6 $11) 23... Nf6) 22. exf5 $16 Nxd4 23. Bxd4 (23. Rxd4 $6 Rxe1 24. Bxe1 Bg7 $14) 23... Bxf5 (23... Rxe1 $16 {was worth a try.} 24. Rxe1 Bg7) 24. Qf2 $18 Qd7 25. g4 Bxg4 26. hxg4 Qxg4 27. Bh3 Qxf4+ 28. Qxf4 Nxf4 29. Bb6 (29. Ne4 $1 $18 {and the rest is easy.}) 29... Ra8 (29... Rxe1 $142 30. Rxe1 Ra8) 30. Bd7 (30. Ne4 $142 $1 {[%cal Re4f6] Strongly threatening Nf6+.} Re7 31. Bf1) 30... Rxe1 $16 31. Rxe1 Bg7 32. Ne2 Nd3 33. Rf1 a4 34. b4 Ne5 35. Be6+ Kh8 36. Nd4 Re8 37. Kg2 h5 38. Kh1 Kh7 39. Rd1 $36 {[%mdl 2048] Black is under pressure.} Bh6 40. c5 d5 41. Bh3 Nc4 42. b5 Re4 (42... Nxb6 $6 43. bxc6 bxc6 44. cxb6 $16) 43. bxc6 bxc6 44. Bd8 Ne3 (44... Be3 $11 45. Nxc6 Bxc5) 45. Rd3 $14 g5 (45... Bf8 $16) 46. Bf5+ $2 (46. Nxc6 g4 $17) (46. Bd7 $1 $18) 46... Nxf5 $11 47. Nxf5 Bf8 48. Nd6 Re1+ 49. Kg2 g4 50. Kf2 (50. Rd4 $11) 50... Rc1 $17 {[%mdl 1024] Black has strong compensation.} 51. Bb6 (51. Re3 $17 {might work better.}) 51... Bg7 $19 52. Nf5 Bf6 53. Nd4 h4 $2 (53... Rc3 $1 $19 {[%cal Rc3d3]} 54. Rxc3 Bxd4+ 55. Re3 g3+ $1 {[%mdl 512]} 56. Kf3 Bxe3 57. Kxe3 d4+ $1 {[%mdl 512]} 58. Kf3 d3) 54. Nxc6 $15 h3 ({Black should play} 54... Kg6 $1 $15) 55. Rxd5 $2 {[%mdl 8192]} (55. Kg3 $11 Kg6 56. Rd2 (56. Rxd5 Rg1+ 57. Kh2 Rg2+ 58. Kh1 g3 $11) 56... Rg1+ 57. Kh2) 55... Bh4+ $19 56. Ke3 Kh6 {Threatens to win with ...h2.} 57. Bc7 Bg5+ $4 {[%mdl 8192]} (57... g3 $19 {and life is good for Black.} 58. Bf4+ Kg7) 58. Ke4 $1 $18 {Black must now prevent Ne5.} Re1+ $2 (58... Kh5 $16) 59. Kf5 Kh5 {intending ...Rf1+.} 60. Nd4 Rf1+ 61. Ke4 Re1+ 62. Kf5 (62. Kd3 $1 $18 {is the precise move to win.} Kg6 63. c6) 62... Rf1+ $1 $16 {[#]} 63. Ke6 $1 {Bd8 is the strong threat.} Rf6+ 64. Kd7 {And now Ke8 would win.} Rf7+ (64... Kg6 $1 $11 {remains equal.} 65. Rd6 h2 66. Rxf6+ Bxf6 67. Bxh2 Bxd4) 65. Kc6 {Hoping for Ne6.} Rxc7+ 66. Kxc7 h2 $2 {[%mdl 8192]} (66... g3 $16) 67. Ne2 $18 {White is clearly winning.} Kh4 68. Rd1 g3 69. Rh1 Kh3 {[#]} 70. Nxg3 $1 Kxg3 {[%mdl 4096] Endgame KR-KB} 71. c6 Kg2 72. Rd1 ({Weaker is} 72. Rxh2+ Kxh2 73. Kb6 Bd8+ 74. c7 (74. Kb7 Kg3 $11) 74... Bxc7+ 75. Kxc7 Kg3 $11) 72... Be3 {[#]} 73. Kb7 $1 Bg1 74. c7 h1=Q 75. c8=Q Kf2+ 76. Qc6 Qh7+ 77. Ka6 Qg7 78. Qb6+ Ke2 79. Rxg1 {Precision: White = 49%, Black = 40%.} 1-0

[Event "88th GER-ch Men 2017"]
[Site "Apolda"]
[Date "2017.07.01"]
[Round "9"]
[White "Buecker, Stefan"]
[Black "Middelhoff, Cornelius"]
[Result "1/2-1/2"]
[WhiteElo "2291"]
[BlackElo "2131"]
[Annotator "TA"]
[PlyCount "81"]
[EventDate "2017.??.??"]
[EventType "swiss"]
[EventCountry "GER"]
[SourceTitle "playchess.com"]
[Source "ChessBase"]
[SourceQuality "1"]

{[%evp 9,81,-23,0,-18,0,-17,0,0,17,18,18,16,15,15,12,15,25,27,24,22,24,25,51,43,73,61,115,115,142,142,142,145,130,151,137,113,188,200,193,184,221,166,191,167,166,163,176,83,83,83,83,83,83,83,83,47,54,36,112,112,112,112,112,112,112,112,112,112,121,112,125,125,156,0]} 1. b3 e5 2. Bb2 Nc6 3. Nf3 e4 4. Ne5 (4. Nd4 Nxd4 5. Bxd4 d5 6. e3 Ne7 7. Bb2 Nc6 8. d3 Qg5 9. Nc3 Bb4 10. a3 Bxc3+ 11. Bxc3 Bg4 12. Qd2 O-O 13. h3 {1-0 (68) Van Geet,D (2617)-Kujala,A (2637) ICCF email 2010}) 4... Nxe5 5. Bxe5 Nf6 6. e3 {A01: Nimzowitsch-Larsen Opening} d5 {[%cal Bd7d5,Bd5c4][%mdl 32]} 7. c4 dxc4 8. Nc3 {The position is equal.} Bf5 $146 ({Predecessor:} 8... cxb3 9. Qxb3 Be7 10. Nb5 O-O 11. Bxc7 Qd5 12. Bg3 Qxb3 13. axb3 a6 14. Nc7 Ra7 15. Nb5 Ra8 16. Nc7 Ra7 {½-½ (16) Karlsson,L (2441)-Brynell,S (2445) Tylosand 2016}) 9. Nb5 Bd6 10. Bxd6 cxd6 11. Bxc4 O-O 12. Be2 Qd7 13. O-O Rfc8 14. Nd4 {aiming for Bb5.} Bg6 15. b4 d5 16. a4 a5 17. Rb1 b6 ({Black should play} 17... h6 $14) 18. bxa5 $16 Rxa5 19. Rxb6 Qxa4 {[#]} 20. Nc6 $1 {[%cal Rc6e7][%mdl 512]} Qxc6 (20... Rxc6 21. Rb8+) 21. Rxc6 Rxc6 22. g4 {[%cal Bg2g4,Bg4g5][%mdl 32]} h5 (22... d4 $16) 23. g5 $18 Nd7 24. h4 Ne5 25. Kh2 ({Don't do} 25. Bxh5 $6 Bxh5 26. Qxh5 g6) 25... Ra2 26. Qb1 ({Don't play} 26. Bxh5 $6 Bxh5 27. Qxh5 Rxd2 $14) 26... Rxd2 27. Qb8+ Kh7 28. Qxe5 (28. Ra1 $18 {Ra8 would kill now.} Rxe2 29. Ra8) 28... Rxe2 $16 29. Qxd5 Rcc2 30. Kg1 Red2 31. Qe5 Rb2 32. Qg3 Rdc2 33. Ra1 Ra2 (33... Rb5 $14) 34. Rxa2 Rxa2 {[%mdl 4096] Endgame KQ-KRB} 35. Qe5 Ra6 36. Kg2 Re6 37. Qd5 Ra6 38. Kg3 Re6 39. Kf4 Re8 40. Qd7 Re6 41. Qd5 $2 {Precision: White = 59%, Black = 46%.} (41. Qd4 $16) 1/2-1/2

[Event "88th GER-ch Men 2017"]
[Site "Apolda"]
[Date "2017.07.01"]
[Round "9"]
[White "Kersten, Uwe"]
[Black "Heimrath, Reiner"]
[Result "0-1"]
[WhiteElo "2257"]
[BlackElo "2231"]
[Annotator "TA"]
[PlyCount "58"]
[EventDate "2017.??.??"]
[EventType "swiss"]
[EventCountry "GER"]
[SourceTitle "playchess.com"]
[Source "ChessBase"]
[SourceQuality "1"]

{[%evp 13,58,24,50,14,16,22,25,9,16,15,44,31,46,0,-6,-13,13,-22,-31,-55,-55,-68,-58,-57,-33,-47,-34,-47,-25,-35,0,-7,-6,-191,-176,-187,-179,-167,-178,-158,-24,-51,-68,-156,-125,-305,-311]} 1. d4 Nf6 2. Nf3 g6 3. c4 Bg7 4. Nc3 O-O 5. Bf4 d6 6. e3 Nc6 7. h3 Bf5 {LiveBook: 14 Games} 8. d5 {E61: King's Indian: Early deviations for White, including Smyslov System} (8. g4 Bd7 9. Bg2 Re8 10. Bg3 h5 11. g5 Nh7 12. h4 Bg4 13. O-O e5 14. d5 Ne7 15. Qc2 Bxf3 16. Bxf3 {0-1 (91) Syed Anwar,S (2321)-Swapnil,S (2429) Chennai 2010}) 8... e5 {[#] Strongly threatening ...Nb4.} 9. Bg5 ({Much weaker is} 9. dxc6 exf4 10. cxb7 Rb8 $15) 9... Ne7 10. g4 {White has an edge.} Bd7 11. e4 Ne8 12. Rg1 $146 ({Predecessor:} 12. Bd3 c6 13. Qb3 f6 14. Be3 Qc8 15. O-O-O c5 {1-0 (41) Gentes,K (2298)-Ferguson,J (2177) Vancouver 2001}) 12... f6 13. Bh4 Kh8 14. Be2 c6 15. Qd3 Rc8 16. O-O-O b5 17. dxc6 bxc4 18. Qxc4 Rxc6 19. Qb4 Be6 20. Kb1 Nc7 21. Rd2 g5 22. Bg3 d5 23. exd5 $2 (23. Rgd1 $11) 23... Ncxd5 $19 24. Nxd5 Nxd5 25. Qa4 Qb6 $36 {[%mdl 2048] Threatens to win with ...Nc3+. Black has strong initiative.} 26. Qb5 {[#]} Rb8 (26... Qxb5 $1 $17 27. Bxb5 Rb6) 27. Qxb6 Rbxb6 28. Ka1 ({Only move:} 28. Rc1 $1 $15) 28... Bf8 29. Rgd1 $2 (29. Bd3 $17 {was called for.}) 29... Bb4 {Precision: White = 30%, Black = 53%.} 0-1

[Event "88th GER-ch Men 2017"]
[Site "Apolda"]
[Date "2017.07.01"]
[Round "9"]
[White "Tonndorf, Matthias"]
[Black "Tischbierek, Raj"]
[Result "0-1"]
[WhiteElo "2256"]
[BlackElo "2450"]
[Annotator "TA"]
[PlyCount "58"]
[EventDate "2017.??.??"]
[EventType "swiss"]
[EventCountry "GER"]
[SourceTitle "playchess.com"]
[Source "ChessBase"]
[SourceQuality "1"]

{[%evp 25,58,35,31,4,13,-68,0,-17,20,-77,0,0,10,21,13,-90,-107,-187,-172,-302,-304,-404,-390,-502,-492,-555,-529,-574,-572,-558,-566,-733,-735,-719,-723]} 1. e4 c5 2. Nf3 d6 3. d4 cxd4 4. Nxd4 Nf6 5. Nc3 Nc6 6. Bg5 e6 7. Qd2 a6 8. O-O-O Bd7 9. f4 Be7 10. Nf3 b5 11. e5 b4 12. exf6 bxc3 13. Qxc3 gxf6 {LiveBook: 68 Games} 14. Bh6 {B68: Sicilian: Richter-Rauzer: 7...a6 8 0-0-0 Bd7 9 f4 Be7} (14. Bh4 a5 15. Bb5 Nb4 16. Bxd7+ Qxd7 17. Kb1 Rc8 18. Qb3 O-O 19. f5 Nxc2 20. Ne5 Qd8 21. Rhf1 d5 22. fxe6 Na3+ 23. Ka1 Nc2+ 24. Kb1 Na3+ 25. Ka1 Nc2+ 26. Kb1 {½-½ (26) Paravyan,D (2511)-Eliseev,U (2602) Loo 2016}) 14... d5 15. a3 (15. Nd4 $11 Qc8 16. Nxc6 Qxc6 17. Qd3) 15... Rg8 ({Better is} 15... Rc8 $15 16. Qd3 (16. Bxa6 $2 Nb4 $19) 16... Na5) 16. f5 $11 {The position is equal.} Qa5 $146 {...Qxc3 is the strong threat.} ({Predecessor:} 16... Rb8 17. Bxa6 Qb6 18. Be2 Bc5 19. fxe6 Bxe6 20. b4 Nxb4 21. axb4 Bxb4 {½-½ (39) Gu,X (2336)-Ju,W (2300) Beirut 2004}) 17. Qd3 {[#]} (17. fxe6 $11 fxe6 18. Qd3) 17... e5 (17... Ne5 $1 $17 {[%cal Re5d3]} 18. Nxe5 fxe5) 18. Qxd5 Qxd5 19. Rxd5 Bxf5 20. Nd2 {[#]} (20. Rd1 $11 {keeps the balance.}) 20... Nd4 $1 $36 {[%mdl 2048] White is under strong pressure.} 21. c3 (21. Rxd4 $17 {was worth a try.} exd4 22. g3) 21... Be6 $19 {aiming for ...Nf5.} 22. Ra5 (22. Rxd4 {was the only defense.} exd4 23. cxd4) 22... Nf5 23. Bxa6 {Hoping for Bb5+.} Kd8 24. Bf4 exf4 {Black is clearly winning.} 25. Rf1 Rxg2 26. Rxf5 Bxf5 27. Bb7 {[#]} Rxd2 $1 28. Bxa8 (28. Kxd2 Rb8) 28... Rc2+ 29. Kd1 Bd6 {Precision: White = 14%, Black = 77%.} 0-1